| 000 | 00519nam a2200133Ia 4500 | ||
|---|---|---|---|
| 008 | 171207s9999 xx 000 0 und d | ||
| 100 | _aLehto, Xinran Y. | ||
| 245 | _aVacation Benefits and Activities Understanding Chinese Family Travelers | ||
| 245 | _cXinran Y. Lehto, Xiaoxiao Fu, Hanliang Li, Lingqiang Zhou | ||
| 260 | _c2017 | ||
| 300 | _apages 301-28, March 2017 | ||
| 440 |
_aJournal of Hospitality & Tourism Research _v41:3 |
||
| 650 | _aFAMILY TRAVELERS, CHINA TOURISM, VACATION BENEFITS, LEISURE ACTIVITIES | ||
| 999 |
_c347566 _d347566 |
||